Các nhân tố tác động mục tiêu kiểm soát vốn đầu tư gián tiếp nước ngoài ở Việt Nam : Báo cáo tổng kết đề tài Khoa học và Công nghệ cấp trường

Gardado en:
Detalles Bibliográficos
Autor Principal: Nguyễn Thị Kim Liên
Formato: Đề tài khoa học
Idioma:Undetermined
Publicado: Trường Đại học Công nghiệp Tp. Hồ Chí Minh 2012
Những chủ đề:
Các nhãn: Engadir etiqueta
Sen Etiquetas, Sexa o primeiro en etiquetar este rexistro!
Thư viện lưu trữ: Trung tâm Thư viện - Trường Đại học Công nghiệp TP. Hồ Chí Minh
LEADER 00771nam a2200157Ia 4500
001 UIH_00588
008 230809s9999 xx 000 0 und d
082 |a 332.6 
100 |a Nguyễn Thị Kim Liên 
245 0 |a Các nhân tố tác động mục tiêu kiểm soát vốn đầu tư gián tiếp nước ngoài ở Việt Nam : Báo cáo tổng kết đề tài Khoa học và Công nghệ cấp trường 
245 0 |c Nguyễn Thị Kim Liên 
260 |b Trường Đại học Công nghiệp Tp. Hồ Chí Minh 
260 |c 2012 
650 |a Đầu tư nước ngoài; 
927 |a Đề tài khoa học 
980 |a Trung tâm Thư viện - Trường Đại học Công nghiệp TP. Hồ Chí Minh